00926njm a2200265Ia 450000100060000000300090000600500170001500800410003204000130007304000130008604100130009910000220011210000180013410000380015224500210019025000110021126000120022226000690023430000100030330000320031350000550034550501450040065000470054570000680059236705IT-RoPAU20220918181145.0131025s9999 xx 000 0 und d aIT-RoPAU cIT-RoPAU aITALIANO aRossini Gioachino eAutore musica gCodice autore musica SPICS: 11125 aCenerentola (La) a2a ed. aGERMANY bDEUTSCHE GRAMMOPHONc1986 [1a Ed.:1972 - Ed. Lingua Orig.: 1817] aDISCO c150 minuti (Testo: 80 pag.) aMusica classica. Musica operistica. Musica lirica. aMelodramma giocoso in due atti su libretto di Jacopo Ferretti. Il titolo originale completo è La Cenerentola, ossia la bontà in trionfo. aOPERA [DISCHI]eCodice MATERIA SPICS: 9950 aFerretti JacopoeAutore testogCodice autore testo SPICS: 28448